000 00265nam a2200121Ia 4500
008 190216s9999||||xx |||||||||||||| ||und||
100 _aRavindra & Brij
245 0 _aCollege Botany
260 _bS Chand & Co
300 _a427p
650 _aBotany
942 _cBK
999 _c1073
_d1073